En Océanie / (Record no. 158754)

MARC details
000 -LEADER
campo de control de longitud fija 00925nam a22002535i 4500
001 - NÚMERO DE CONTROL
campo de control 158754
003 - IDENTIFICADOR DE NÚMERO DE CONTROL
campo de control ES-MaACL
005 - FECHA Y HORA DE LA ÚLTIMA TRANSACCIÓN
campo de control 20251012210436.0
008 - DATOS DE LONGITUD FIJA--INFORMACIÓN GENERAL
campo de control de longitud fija 040906s1888 fr a |||| | fre d
040 ## - FUENTE DE CATALOGACIÓN
Centro catalogador/agencia de origen CAM
Lengua de catalogación spa
Centro/agencia transcriptor CAM
100 1# - ENTRADA PRINCIPAL--NOMBRE DE PERSONA
Nombre de persona Marin, Aylic.
9 (RLIN) 129500
245 10 - MENCIÓN DEL TÍTULO
Título En Océanie /
Mención de responsabilidad, etc. Aylic Marin; [préface par E. Verconsin]; dessins par A. de Bar et G. de Mare.
260 ## - PUBLICACIÓN, DISTRIBUCIÓN, ETC.
Lugar de publicación, distribución, etc. Paris :
Nombre del editor, distribuidor, etc. Charles Bayle éditeur,
Fecha de publicación, distribución, etc. 1888 (
Lugar de fabricación/manufactura Bergerac :
Fabricante Imp. Nouvelle Boisserie frères)
300 ## - DESCRIPCIÓN FÍSICA
Extensión 223 p. :
Otras características físicas il. ;
Dimensiones 16 cm.
490 1# - MENCIÓN DE SERIE
Mención de serie Petite bibliothèque populaire
594 ## - Nota al título y mención de responsabilidad
Nota al título y mención de responsabilidad Autor de los prelim. tomado de la cub.
651 #4 - PUNTO DE ACCESO ADICIONAL DE MATERIA--NOMBRE GEOGRÁFICO
Nombre geográfico Oceanía.
9 (RLIN) 137287
700 1# - ENTRADA AGREGADA--NOMBRE PERSONAL
Nombre de persona Bar, Alexandre de.
9 (RLIN) 157103
700 1# - ENTRADA AGREGADA--NOMBRE PERSONAL
Nombre de persona Mare, G. de.
9 (RLIN) 129475
700 1# - ENTRADA AGREGADA--NOMBRE PERSONAL
Nombre de persona Verconsin, Eugène,
Fechas asociadas al nombre 1823-1891
9 (RLIN) 157104
830 0# - PUNTO DE ACCESO ADICIONAL DE SERIE-TÍTULO UNIFORME
Título uniforme Petite bibliothèque populaire
9 (RLIN) 221885
852 ## - LOCALIZACIÓN
Ubicación ES-MaACL
Número de control de estantería D-3852
Nota libre -- Rust. deteriorada
Holdings
Estatus retirado Estado de pérdida Estado de daño No para préstamo Colección Biblioteca de origen Biblioteca actual Ubicación en estantería Fecha de adquisición Fuente de adquisición Total de préstamos Signatura topográfica completa Código de barras Visto por última vez Precio de reemplazo Tipo de ítem Koha
        Libros del s. XIX Biblioteca del Ateneo de Madrid Biblioteca del Ateneo de Madrid Sala Valle Inclán 17/01/2008     D-3852 901166166 23/02/2023 23/02/2023 Libro impreso antiguo